000 00628nas a2200229 4500
001 BR0001388
003 BR-BrBNA
005 20231205101809.0
007 ta
008 230509b bl.|||p| |||| 00| 00por d
040 _aBR-BrBNA
_bpor
_cBiblioteca Nacional de Agricultura
041 _a(Pt)
072 _aL01
100 1 _aFoerster, P.J.E.
245 1 _aOs subprodutos de animais de acougue
650 _aBovinocultura
650 _aSubproduto
650 _aAbate
773 0 _tRevista CFMV (Brazil)
_x
_g(Aug-Nov 1998), v. 4(14) p. 39-40
_wBR0001388
909 _a202311
_bLúcia
_c55
_dLúcia Elande
942 _2AGRIS
_n0
_cANA
999 _c163980
_d163980